| 000 | 00783nam a22002657i 4500 | ||
|---|---|---|---|
| 999 |
_c162543 _d162543 |
||
| 003 | OSt | ||
| 005 | 20180728112450.0 | ||
| 007 | ta | ||
| 008 | 180620t2017© my a|||g |||| 00| 0 chi d | ||
| 020 |
_a9789673348121 _cRM 55.00 _qpaperback |
||
| 040 |
_aPPAK _beng _cPPAK _erda |
||
| 082 |
_223 _a959 |
||
| 090 |
_a959 _bLIA _dG |
||
| 100 | 1 |
_aLiao, Wen Hui _eauthor |
|
| 245 |
_aMalaixiya shi = _bA History of Malaysia / _cLiao Wen Hui |
||
| 264 |
_aSg. Buloh, Selangor : _bThe Malaya Press ; _c2017 |
||
| 264 | _c©2017 | ||
| 300 |
_a414 pages : _billustrations ; _c21 cm |
||
| 336 |
_2rdacontent _atext |
||
| 337 |
_2rdamedia _aunmediated |
||
| 338 |
_2rdacarrier _avolume |
||
| 504 | _6includes bibliographic references and index | ||
| 651 | 0 |
_aMalaysia _xHistory |
|
| 942 |
_2ddc _cB |
||